La fe y la teología
Bewaard in:
| Hoofdauteur: | |
|---|---|
| Formaat: | Boek |
| Taal: | Spaans |
| Gepubliceerd in: |
Barcelona
Herder
1970
|
| Reeks: | El Misterio Cristiano. Teología Dogmático, 10
|
| Onderwerpen: | |
| Tags: |
Voeg label toe
Geen labels, Wees de eerste die dit record labelt!
|
MARC
| LEADER | 00000nam a2200000 a 4500 | ||
|---|---|---|---|
| 001 | UCR2243 | ||
| 003 | CL-VaPUC | ||
| 008 | 980109e19700000SP |||||||||||||||||spa|d | ||
| 082 | 0 | 4 | |a 234.2 |b CON |2 21 |
| 100 | 0 | |a Congar, Yves Marie-Joseph |e author |9 395176 | |
| 245 | 1 | 3 | |a La fe y la teología |
| 300 | |a 367 p | ||
| 942 | |c BK | ||
| 945 | |d 19980109 00:00:00 |a rleighto | ||
| 260 | |a Barcelona |b Herder |c 1970 | ||
| 650 | 0 | |a Teología |9 258766 | |
| 650 | 0 | |a Fe |9 308036 | |
| 650 | 7 | |a MINISTERIO |2 CL-VaPUC |9 400074 | |
| 650 | 0 | |a Metafísica |9 265649 | |
| 650 | 0 | |a Iglesia |9 255004 | |
| 650 | 0 | |a Biblia |9 257603 | |
| 650 | 0 | |a Religión |9 255164 | |
| 583 | |a last modification |c 19980109 00:00:00 |k Rodrigo Vera | ||
| 490 | 0 | |a El Misterio Cristiano. Teología Dogmático, 10 | |
| 999 | |c 265500 |d 265498 | ||
| 952 | |0 0 |1 0 |4 0 |6 234_200000000000000_CON_1970 |7 0 |8 A |9 296447 |a BIBTEO |b BIBTEO |d 2019-11-20 |i 3386910 |l 1 |o 234.2 CON 1970 |p 3386910 |r 2025-01-17 |s 2024-08-26 |w 2019-11-20 |y BK |k ICR | ||